| 000 | 01067nam a2200205Ia 4500 | ||
|---|---|---|---|
| 003 | OSt | ||
| 005 | 20241120110113.0 | ||
| 007 | ca aa aaaaa | ||
| 008 | 201103s9999 xx 000 0 und d | ||
| 040 | _cSSBUL | ||
| 041 | _abur | ||
| 082 |
_223 _a၂၉၄.၃၇၂ ကုဏ် _b၉၀၉၃ S-SAT |
||
| 100 | 0 | _aကုဏ္ဍလာဘိဝံသ၊ အရှင်၊ သဒ္ဓမ္မရံသီရိပ်သာဆရာတော်။ | |
| 245 | 1 | 0 |
_aပြည်ပသာသနာအတွက်ဆောင်ရွက်ခဲ့သည့်ခရီးသွားမှတ်တမ်း / _cသဒ္ဓမ္မရံသီရိပ်သာဆရာတော်အရှင်ကုဏ္ဍလာဘိဝံသ။ |
| 260 |
_aရန်ကုန် ၊ _bသီရိနန္ဒာပုံနှိပ်တိုက်၊ _c၁၉၉၁။ |
||
| 300 |
_a၁၇၅ စာမျက်နှာ ၊ _c၁၇ စင်တီ။ |
||
| 500 | _aS-SAT: Dr. Sai Aung Tun | ||
| 650 | _aဗုဒ္ဓသာသနာပြု | ||
| 942 |
_2ddc _cBK1 |
||
| 999 |
_c16627 _d16627 |
||